ਆਧੁਨਿਕ ਚਿਤਰਕਲਾ / (Record no. 111232)
[ view plain ]
| 000 -LEADER | |
|---|---|
| fixed length control field | 01092nam a22002537a 4500 |
| 005 - DATE AND TIME OF LATEST TRANSACTION | |
| control field | 20170123164203.0 |
| 010 ## - LIBRARY OF CONGRESS CONTROL NUMBER | |
| LC control number | A-878522 |
| 020 ## - INTERNATIONAL STANDARD BOOK NUMBER | |
| Terms of availability | 175.00 |
| International Standard Book Number | 8173802831 |
| 035 ## - SYSTEM CONTROL NUMBER | |
| System control number | A-878522 |
| 037 ## - SOURCE OF ACQUISITION | |
| Source of stock number/acquisition | Cen Lib/Ret |
| 040 ## - CATALOGING SOURCE | |
| Original cataloging agency | DPL |
| Language of cataloging | PN |
| 082 ## - DEWEY DECIMAL CLASSIFICATION NUMBER | |
| Classification number | 750 |
| Item number | ਅਰਸ਼ੀ |
| 100 ## - MAIN ENTRY--PERSONAL NAME | |
| Personal name | ਅਰਸ਼ੀ, ਪੀ.ਔਮ |
| 9 (RLIN) | 73 |
| 245 ## - TITLE STATEMENT | |
| Title | ਆਧੁਨਿਕ ਚਿਤਰਕਲਾ / |
| Statement of responsibility, etc | ਪੀ.ਔਮ ਅਰਸ਼ੀ ; ਅਨੁਵਾਦਕ ਕੁਲਵੰਤ ਸਿੰਘ ਗਰੇਵਾਲ |
| 246 ## - VARYING FORM OF TITLE | |
| Title proper/short title | Adhunik chitarkala / |
| Remainder of title | by P.S. Arshi ; edited by Kulwant Singh Garewal |
| 260 ## - PUBLICATION, DISTRIBUTION, ETC. (IMPRINT) | |
| Place of publication, distribution, etc | ਪਟਿਆਲਾ |
| Name of publisher, distributor, etc | ਪਬਲੀਕੇਸ਼ਨ ਬਿਊਰੋ |
| Date of publication, distribution, etc | 1996 |
| 270 ## - ADDRESS | |
| Address | ਪੰਜਾਬੀ ਯੂਨੀਵਰਸਿਟੀ |
| City | ਪਟਿਆਲਾ |
| Postal code | 143006 |
| 300 ## - PHYSICAL DESCRIPTION | |
| Extent | 113p ; |
| Dimensions | 20cm |
| 650 ## - SUBJECT ADDED ENTRY--TOPICAL TERM | |
| Topical term or geographic name as entry element | Techniques, equipment, materials, forms |
| 9 (RLIN) | 140211 |
| 650 ## - SUBJECT ADDED ENTRY--TOPICAL TERM | |
| Topical term or geographic name as entry element | paintings |
| 9 (RLIN) | 41188 |
| 650 ## - SUBJECT ADDED ENTRY--TOPICAL TERM | |
| Topical term or geographic name as entry element | ਤਕਨੀਕ ਨੂੰ , ਸਾਜ਼ੋ, ਸਮੱਗਰੀ, ਫਾਰਮ |
| 9 (RLIN) | 140212 |
| 650 ## - SUBJECT ADDED ENTRY--TOPICAL TERM | |
| Topical term or geographic name as entry element | ਚਿੱਤਰਕਾਰੀ |
| 9 (RLIN) | 140213 |
| 942 ## - ADDED ENTRY ELEMENTS (KOHA) | |
| Source of classification or shelving scheme | Dewey Decimal Classification |
| Koha item type | Punjabi Bks |
| Classification part | 750 |
| Call number suffix | ਅਰਸ਼ੀ |
| Withdrawn status | Lost status | Damaged status | Not for loan | Home library | Current library | Date acquired | Source of acquisition | Cost, normal purchase price | Total Checkouts | Full call number | Barcode | Date last seen | Copy number | Cost, replacement price | Price effective from | Koha item type |
|---|---|---|---|---|---|---|---|---|---|---|---|---|---|---|---|---|
| Central Library | Central Library | 18/03/2016 | Cen Lib/Ret | 175.00 | 750 ਅਰਸ਼ੀ | A-878522 | 18/03/2016 | 1 | 175.00 | 18/03/2016 | Punjabi Bks |
